[Event "DVM U16 2016"]
[Site "Neumarkt in der Oberpfalz GER"]
[Date "2016.12.27"]
[Round "1"]
[White "Baureis, Julian"]
[Black "Schilay, Eva"]
[Result "0-1"]
[Termination "normal"]
[Board "3.3"]
[WhiteElo "1606"]
[BlackElo "1595"]
[WhiteTeam "SV Walldorf"]
[BlackTeam "SK Neumarkt"]
[PlyCount "62"]
[WhiteFideId "12991112"]
[BlackFideId "12930164"]
[EventCountry "GER"]
[EventRounds "7"]
[EventType "team-swiss"]
[EventDate "2016.12.26"]

1. d4 d5 2. c4 dxc4 3. e3 Nf6 4. Nc3 e6 5. Bxc4 c5 6. Nf3 a6 7. O-O b5 8. Bb3
Bb7 9. Qe2 Nbd7 10. Rd1 Qc7 11. Bd2 Be7 12. Rac1 O-O 13. dxc5 Bxc5 14. Bc2 Rac8
15. e4 Qb6 16. h3 Rfd8 17. Bf4 h6 18. Ne5 Bd4 19. Nxd7 Rxd7 20. Be3 Bxe3 21.
fxe3 Rcd8 22. Rxd7 Rxd7 23. Rd1 Rxd1+ 24. Qxd1 Qxe3+ 25. Kf1 Nxe4 26. Qd8+ Kh7
27. Bxe4+ Bxe4 28. Nxe4 Qxe4 29. Qd6 Qb1+ 30. Ke2 Qxb2+ 31. Ke3 Qxa2 0-1

[Event "DVM U16 2016"]
[Site "Neumarkt in der Oberpfalz GER"]
[Date "2016.12.27"]
[Round "1"]
[White "Hierl, Johannes"]
[Black "Brede, Robert"]
[Result "0-1"]
[Termination "normal"]
[Board "3.4"]
[WhiteElo "1226"]
[BlackElo "1471"]
[WhiteTeam "SK Neumarkt"]
[BlackTeam "SV Walldorf"]
[PlyCount "73"]
[WhiteFideId "16235096"]
[BlackFideId "12971405"]
[EventCountry "GER"]
[EventRounds "7"]
[EventType "team-swiss"]
[EventDate "2016.12.26"]

1. e4 c5 2. c3 g6 3. d4 cxd4 4. cxd4 d5 5. e5 Nc6 6. Nf3 Bg4 7. Be2 Bg7 8. h3
Bxf3 9. Bxf3 e6 10. Be3 Nge7 11. O-O Qb6 12. Qd2 O-O 13. Nc3 f6 14. exf6 Rxf6
15. Rad1 Nf5 16. Bg4 Rf7 17. Ne2 Rc8 18. Bxf5 Rxf5 19. a3 Na5 20. Nf4 Nc4 21.
Qc3 Rc6 22. Rb1 Nxe3 23. Qxe3 Qxd4 24. Qxd4 Bxd4 25. Nd3 Kf7 26. Rbc1 Ke7 27.
Rxc6 bxc6 28. Rc1 Kd6 29. Kf1 e5 30. Rc2 e4 31. Ne1 Bb6 32. f3 d4 33. Rc4 Kd5
34. Rc1 d3 35. Rd1 Kc4 36. Rc1+ Kb3 37. Rxc6  0-1

[Event "DVM U16 2016"]
[Site "Neumarkt in der Oberpfalz GER"]
[Date "2016.12.27"]
[Round "1"]
[White "Wendler, David"]
[Black "Schnabel, Bennett"]
[Result "0-1"]
[Termination "normal"]
[Board "4.1"]
[WhiteElo "1962"]
[BlackElo "2043"]
[WhiteTeam "SK Bebenhausen"]
[BlackTeam "SV Mattnetz Berlin"]
[PlyCount "92"]
[WhiteFideId "12938360"]
[BlackFideId "12943290"]
[EventCountry "GER"]
[EventRounds "7"]
[EventType "team-swiss"]
[EventDate "2016.12.26"]

1. e4 d5 2. exd5 Qxd5 3. Nc3 Qd6 4. d4 Nf6 5. g3 Bg4 6. Nf3 c6 7. Bg2 e6 8. O-O
Qc7 9. Re1 Bd6 10. Ne2 O-O 11. Nf4 Nbd7 12. h3 Bxf3 13. Qxf3 e5 14. dxe5 Nxe5
15. Qb3 Rfe8 16. Be3 Re7 17. Rad1 Rae8 18. Re2 Ng6 19. Nxg6 hxg6 20. Rd3 Ne4
21. Bxe4 Rxe4 22. Kh2 R8e5 23. Red2 Rb5 24. Rxd6 Rxb3 25. axb3 Re7 26. Rd8+ Kh7
27. R2d4 g5 28. Bxg5 Re1 29. R8d6 Re4 30. Rd2 Qa5 31. Be3 f6 32. Rd7 Re5 33.
Bf4 Rh5 34. Rxb7 Qf5 35. h4 Rxh4+ 36. Kg1 Rh5 37. Rdd7 Qe4 38. Rxg7+ Kh8 39.
Rh7+ Rxh7 40. Rxh7+ Kxh7 41. Be3 a6 42. c3 Kg6 43. b4 Kh5 44. Kf1 Kg4 45. Ke2
Qc2+ 46. Kf1 Kf3 0-1

[Event "DVM U16 2016"]
[Site "Neumarkt in der Oberpfalz GER"]
[Date "2016.12.27"]
[Round "1"]
[White "Grimm, Ling Leander"]
[Black "Acikel, Mert"]
[Result "1-0"]
[Termination "normal"]
[Board "4.3"]
[WhiteElo "1703"]
[BlackElo "1902"]
[WhiteTeam "SK Bebenhausen"]
[BlackTeam "SV Mattnetz Berlin"]
[PlyCount "137"]
[WhiteFideId "12968277"]
[BlackFideId "12956465"]
[EventCountry "GER"]
[EventRounds "7"]
[EventType "team-swiss"]
[EventDate "2016.12.26"]

1. e4 e5 2. f4 Bc5 3. Nf3 d6 4. Nc3 Nc6 5. Na4 Bb6 6. Bc4 Nf6 7. d3 O-O 8. Bd2
exf4 9. Bxf4 d5 10. Nxb6 axb6 11. Bb3 dxe4 12. dxe4 Qe7 13. O-O Qc5+ 14. Kh1
Nxe4 15. Qe2 Nd6 16. Ng5 Bf5 17. Rad1 Bg6 18. Rd5 Nd4 19. Qf2 Nxb3 20. Rxc5
Nxc5 21. Bxd6 cxd6 22. a3 Ne4 23. Nxe4 Bxe4 24. Qxb6 Bxc2 25. Qxd6 Ba4 26. h3
Bc6 27. Rd1 Rfe8 28. Rd2 h6 29. Kh2 Re6 30. Qc5 Ree8 31. Rf2 Re6 32. b3 Rae8
33. a4 Re5 34. Qc4 Bd5 35. Qd3 Bc6 36. Qc2 Re4 37. a5 Ra8 38. Qc5 Re6 39. b4
Re4 40. Ra2 Ree8 41. b5 Be4 42. Qb6 Re6 43. Qc7 Rae8 44. Rd2 Rg6 45. a6 bxa6
46. b6 Rc6 47. Qd7 Rcc8 48. b7 Rb8 49. Rb2 Red8 50. Qc7 Re8 51. Rb4 Bd5 52. Qd7
Red8 53. Qc7 Re8 54. Rb6 Be4 55. Rb3 g6 56. Qd7 Bf5 57. Qd6 a5 58. Qa6 Bc2 59.
Rc3 Bf5 60. Rc7 h5 61. Qxa5 Be6 62. Qa6 Bf5 63. Qf6 Be6 64. Kg3 Red8 65. Kf4
Rd5 66. Ke4 Rf5 67. Qd4 Rd5 68. Qxd5 f5+ 69. Ke5 1-0

[Event "DVM U16 2016"]
[Site "Neumarkt in der Oberpfalz GER"]
[Date "2016.12.27"]
[Round "1"]
[White "Petersen, Marcel"]
[Black "Greitmann, Niklas"]
[Result "1-0"]
[Termination "normal"]
[Board "4.4"]
[WhiteElo "1638"]
[BlackElo "1435"]
[WhiteTeam "SV Mattnetz Berlin"]
[BlackTeam "SK Bebenhausen"]
[PlyCount "117"]
[WhiteFideId "12935670"]
[BlackFideId "16200705"]
[EventCountry "GER"]
[EventRounds "7"]
[EventType "team-swiss"]
[EventDate "2016.12.26"]

1. e4 c5 2. Nf3 Nc6 3. d4 cxd4 4. Nxd4 g6 5. Nc3 Bg7 6. Be3 Nf6 7. Bc4 Qa5 8.
O-O O-O 9. Bb3 d6 10. f3 Bd7 11. Qd2 Rac8 12. Nxc6 Bxc6 13. Bh6 Rfd8 14. Bxg7
Kxg7 15. Rad1 Qc7 16. Rf2 Re8 17. Nd5 Bxd5 18. exd5 Qc5 19. Kh1 Rc7 20. Re2 b5
21. Rde1 a6 22. Re3 Qa7 23. a4 Qb7 24. axb5 axb5 25. Ra1 Rc5 26. Rd3 Rec8 27.
c3 Nd7 28. Rd4 Nb6 29. Kg1 Nc4 30. Bxc4 Rxc4 31. Qe3 Qb6 32. Rad1 R8c7 33. Kf2
Qb7 34. Ra1 R7c5 35. Rad1 Qa8 36. Qxe7 Rxd4 37. Rxd4 Rxd5 38. Qe4 Qa2 39. Qxd5
Qxb2+ 40. Rd2 Qxc3 41. Qd4+ Qxd4+ 42. Rxd4 b4 43. Rxd6 b3 44. Rb6 b2 45. Rxb2
Kf6 46. Rb5 h5 47. h4 Kg7 48. Ke3 Kf6 49. Kf4 Kg7 50. Rb6 f6 51. Ke4 Kf7 52. f4
Ke7 53. Kd5 Kf7 54. Rb7+ Kg8 55. Ke6 Kf8 56. Kxf6 Kg8 57. Kxg6 Kf8 58. Kf6 Ke8
59. Rh7 1-0

[Event "DVM U16 2016"]
[Site "Neumarkt in der Oberpfalz GER"]
[Date "2016.12.27"]
[Round "1"]
[White "Kreyssig, Bruno"]
[Black "Kesselmeier, Kevin"]
[Result "1-0"]
[Termination "normal"]
[Board "5.1"]
[WhiteElo "2165"]
[BlackElo "1893"]
[WhiteTeam "SG Leipzig"]
[BlackTeam "SK Blauer Springer Paderborn"]
[PlyCount "53"]
[WhiteFideId "4692489"]
[BlackFideId "16217551"]
[EventCountry "GER"]
[EventRounds "7"]
[EventType "team-swiss"]
[EventDate "2016.12.26"]

1. e4 c5 2. Nf3 d6 3. d4 cxd4 4. Nxd4 Nf6 5. Nc3 a6 6. f4 e5 7. Nf3 Nbd7 8. a4
Be7 9. Bc4 O-O 10. O-O exf4 11. Bxf4 Nc5 12. Re1 Bg4 13. a5 Rc8 14. Bd5 b5 15.
axb6 Qxb6 16. Qd4 Bxf3 17. gxf3 Nh5 18. Bd2 Bf6 19. Qe3 Qb4 20. Kh1 Bd4 21. Qg5
Nf6 22. Ne2 Qxb2 23. Rab1 Qxc2 24. Nxd4 Qd3 25. Be3 Rfe8 26. Nf5 g6 27. Qxf6
1-0

[Event "DVM U16 2016"]
[Site "Neumarkt in der Oberpfalz GER"]
[Date "2016.12.27"]
[Round "1"]
[White "Hofmann, Timo"]
[Black "Walow, Xenia"]
[Result "1-0"]
[Termination "normal"]
[Board "5.3"]
[WhiteElo "1858"]
[BlackElo "1627"]
[WhiteTeam "SG Leipzig"]
[BlackTeam "SK Blauer Springer Paderborn"]
[PlyCount "79"]
[WhiteFideId "12946044"]
[BlackFideId "12971839"]
[EventCountry "GER"]
[EventRounds "7"]
[EventType "team-swiss"]
[EventDate "2016.12.26"]

1. d4 d5 2. c4 c6 3. Nf3 Bf5 4. Nc3 e6 5. Qb3 b6 6. cxd5 cxd5 7. e4 dxe4 8.
Bb5+ Nd7 9. Ne5 Ngf6 10. Bg5 Bd6 11. Nxd7 Ke7 12. Ne5 Kf8 13. Rd1 Qc7 14. Nc4
Be7 15. Ne3 Bg6 16. Qc4 Qd8 17. Bf4 Rc8 18. Qa4 Bd6 19. Bxd6+ Qxd6 20. Qxa7 Qc7
21. Qxc7 Rxc7 22. O-O Bh5 23. Rc1 g5 24. Na4 Rb7 25. Rc8+ Kg7 26. Rxh8 Kxh8 27.
Rc1 Nd7 28. Rc6 Kg7 29. Rd6 Nf6 30. Rxb6 Rc7 31. Nc3 Bg6 32. a4 Ra7 33. b4 Rc7
34. Rc6 Ra7 35. a5 Nd7 36. a6 Kf8 37. Be2 Ke7 38. b5 Nb8 39. Rc8 Nd7 40. Na4
1-0

[Event "DVM U16 2016"]
[Site "Neumarkt in der Oberpfalz GER"]
[Date "2016.12.27"]
[Round "1"]
[White "Müller, Noah"]
[Black "Knüpfer, Tim"]
[Result "0-1"]
[Termination "normal"]
[Board "5.4"]
[WhiteElo "1583"]
[BlackElo "1753"]
[WhiteTeam "SK Blauer Springer Paderborn"]
[BlackTeam "SG Leipzig"]
[PlyCount "67"]
[WhiteFideId "16217586"]
[BlackFideId "16217489"]
[EventCountry "GER"]
[EventRounds "7"]
[EventType "team-swiss"]
[EventDate "2016.12.26"]

1. c4 e5 2. g3 Bc5 3. Bg2 Nc6 4. Nc3 d6 5. e3 a6 6. Nge2 Ba7 7. d3 h5 8. h4 Bg4
9. Qc2 Qd7 10. a3 Nf6 11. Bd2 O-O 12. O-O Bh3 13. Rad1 Ne7 14. Kh2 Ng4+ 15. Kg1
Bxg2 16. Kxg2 Nf5 17. Qc1 Qe7 18. Rh1 c6 19. Rdf1 Rac8 20. e4 Nd4 21. Nxd4 Bxd4
22. Ne2 Ba7 23. Qb1 Qe6 24. b4 Rfd8 25. Qb3 Rf8 26. Qb1 f5 27. f3 Ne3+ 28. Bxe3
Bxe3 29. Nc3 f4 30. Qe1 Rf6 31. Nd1 Bd4 32. Rh3 Rg6 33. Nc3 b5 34. Qe2 0-1

[Event "DVM U16 2016"]
[Site "Neumarkt in der Oberpfalz GER"]
[Date "2016.12.27"]
[Round "1"]
[White "Ortmeier, Leonhard"]
[Black "Oberhofer, Cédric"]
[Result "0-1"]
[Termination "normal"]
[Board "6.1"]
[WhiteElo "1978"]
[BlackElo "2226"]
[WhiteTeam "SC Rochade Emsdetten"]
[BlackTeam "SC Bavaria Regensburg"]
[PlyCount "50"]
[WhiteFideId "12993662"]
[BlackFideId "12941220"]
[EventCountry "GER"]
[EventRounds "7"]
[EventType "team-swiss"]
[EventDate "2016.12.26"]

1. e4 c5 2. Nf3 d6 3. d4 cxd4 4. Nxd4 Nf6 5. Nc3 a6 6. Bg5 e6 7. f4 Nbd7 8. Qe2
Qc7 9. g4 b5 10. O-O-O Bb7 11. Bg2 h6 12. Bh4 g5 13. fxg5 hxg5 14. Bxg5 Rg8 15.
h4 Be7 16. Rhf1 Rg6 17. Bxf6 Rxf6 18. Rxf6 Bxf6 19. g5 Be5 20. g6 b4 21. gxf7+
Ke7 22. Nb1 Rc8 23. Qf2 Nc5 24. h5 b3 25. a3 bxc2 0-1

[Event "DVM U16 2016"]
[Site "Neumarkt in der Oberpfalz GER"]
[Date "2016.12.27"]
[Round "1"]
[White "Dechant, Georg"]
[Black "Delere, Adrian"]
[Result "1-0"]
[Termination "normal"]
[Board "6.2"]
[WhiteElo "2005"]
[BlackElo "1709"]
[WhiteTeam "SC Bavaria Regensburg"]
[BlackTeam "SC Rochade Emsdetten"]
[PlyCount "59"]
[WhiteFideId "12956716"]
[BlackFideId "12990400"]
[EventCountry "GER"]
[EventRounds "7"]
[EventType "team-swiss"]
[EventDate "2016.12.26"]

1. e4 e5 2. Nf3 Nc6 3. Bb5 a6 4. Ba4 Nf6 5. O-O b5 6. Bb3 Be7 7. Re1 d6 8. c3
Na5 9. Bc2 c5 10. a3 Bg4 11. h3 Bh5 12. d3 h6 13. Nbd2 O-O 14. Nf1 Qc7 15. Ng3
Bg6 16. Nh4 Bh7 17. Nhf5 Rfd8 18. Qf3 Nc6 19. Be3 a5 20. Bb3 Kf8 21. Nh5 Nxh5
22. Nxg7 Kxg7 23. Qxf7+ Kh8 24. Bxh6 Rg8 25. Qxh5 Bg6 26. Qf3 c4 27. dxc4 Nd4
28. cxd4 bxc4 29. Rac1 exd4 30. Bxc4 1-0

[Event "DVM U16 2016"]
[Site "Neumarkt in der Oberpfalz GER"]
[Date "2016.12.27"]
[Round "1"]
[White "Teschler, Ansgar"]
[Black "Oberhofer, Marie"]
[Result "0-1"]
[Termination "normal"]
[Board "6.3"]
[WhiteElo "2037"]
[BlackElo "1618"]
[WhiteTeam "SC Rochade Emsdetten"]
[BlackTeam "SC Bavaria Regensburg"]
[PlyCount "124"]
[WhiteFideId "16231139"]
[BlackFideId "12938165"]
[EventCountry "GER"]
[EventRounds "7"]
[EventType "team-swiss"]
[EventDate "2016.12.26"]

1. d4 Nf6 2. c4 c5 3. d5 e6 4. Nc3 exd5 5. cxd5 d6 6. e4 g6 7. Nge2 Bg7 8. Ng3
O-O 9. Be2 Re8 10. O-O a6 11. a4 Nbd7 12. Bg5 Qb6 13. Qd2 Rb8 14. Kh1 Qc7 15.
b3 b6 16. f4 Bb7 17. f5 Rf8 18. Bh6 Ne5 19. Qg5 Qd8 20. Rf4 Ne8 21. f6 Bxf6 22.
Rxf6 Qxf6 23. Qxf6 Nxf6 24. Bxf8 Kxf8 25. Kg1 Ke7 26. Nf1 Bc8 27. h3 Ne8 28.
Ne3 Ng7 29. Rf1 Ra8 30. g4 h5 31. Kg2 hxg4 32. hxg4 Bb7 33. Rh1 Rg8 34. Nc4
Nxc4 35. bxc4 Rb8 36. Rb1 Bc8 37. a5 Ne8 38. axb6 Nf6 39. Kg3 Nd7 40. Na4 Ne5
41. Kf4 Bd7 42. Nc3 Kf6 43. g5+ Kg7 44. Bd1 Nxc4 45. Be2 Nxb6 46. Bxa6 Be8 47.
Bb5 Bxb5 48. Rxb5 Kf8 49. Nd1 Nd7 50. Ra5 Rc8 51. Ne3 c4 52. Ra1 Ne5 53. Ng4
Nxg4 54. Kxg4 c3 55. Kf3 c2 56. Rc1 Ke7 57. Ke2 f6 58. Kd2 fxg5 59. Rxc2 Rxc2+
60. Kxc2 Kf6 61. Kd3 Ke5 62. Ke3 g4 0-1

[Event "DVM U16 2016"]
[Site "Neumarkt in der Oberpfalz GER"]
[Date "2016.12.27"]
[Round "1"]
[White "Brüll, Elias"]
[Black "Hoppe, Nico"]
[Result "1-0"]
[Termination "normal"]
[Board "6.4"]
[WhiteElo "1617"]
[BlackElo "1564"]
[WhiteTeam "SC Bavaria Regensburg"]
[BlackTeam "SC Rochade Emsdetten"]
[PlyCount "53"]
[WhiteFideId "12964921"]
[BlackFideId "16225520"]
[EventCountry "GER"]
[EventRounds "7"]
[EventType "team-swiss"]
[EventDate "2016.12.26"]

1. e4 e5 2. Nf3 Nc6 3. Bb5 Nge7 4. O-O g6 5. c3 Bg7 6. d4 O-O 7. dxe5 Nxe5 8.
Nxe5 Bxe5 9. Be3 d5 10. Nd2 c6 11. Bd3 Qc7 12. Nf3 Bd6 13. Re1 Bg4 14. h3 dxe4
15. Bxe4 Rad8 16. hxg4 Bh2+ 17. Nxh2 Rxd1 18. Raxd1 a6 19. Bc5 Rd8 20. Bc2 Rxd1
21. Rxd1 Nd5 22. Bb3 Qe5 23. Nf3 Qe6 24. g5 Qe2 25. Re1 Qxb2 26. Re8+ Kg7 27.
Bf8+  1-0

[Event "DVM U16 2016"]
[Site "Neumarkt in der Oberpfalz GER"]
[Date "2016.12.27"]
[Round "1"]
[White "Balazs, Balint"]
[Black "Kandler, Philipp"]
[Result "1-0"]
[Termination "normal"]
[Board "7.1"]
[WhiteElo "2084"]
[BlackElo "1594"]
[WhiteTeam "Hagener SV"]
[BlackTeam "Gütersloher SV"]
[PlyCount "147"]
[WhiteFideId "12922757"]
[BlackFideId "16200772"]
[EventCountry "GER"]
[EventRounds "7"]
[EventType "team-swiss"]
[EventDate "2016.12.26"]

1. d4 d5 2. Nf3 e6 3. Bf4 Nf6 4. e3 c5 5. c3 Nc6 6. Nbd2 Nh5 7. Bg5 Qb6 8. Ne5
Nf6 9. Qc2 h6 10. Bh4 g5 11. Bg3 Nh5 12. dxc5 Bxc5 13. Ndf3 Nxg3 14. hxg3 Bd7
15. Nxd7 Kxd7 16. O-O-O Ke7 17. Nd4 Rac8 18. Kb1 Nxd4 19. exd4 Bd6 20. Bd3 Kd7
21. Rde1 Bf8 22. f4 Bg7 23. f5 Kc7 24. Rhf1 Kb8 25. Qd2 Rc7 26. fxe6 fxe6 27.
Re3 Qd6 28. Rfe1 Re8 29. Bb5 Ree7 30. Qe2 a6 31. Ba4 b5 32. Bc2 Rc6 33. Bf5 Rc8
34. Rxe6 Rxe6 35. Qxe6 Qxe6 36. Rxe6 Rf8 37. g4 h5 38. Rg6 hxg4 39. Bxg4 Rf1+
40. Kc2 Rf2+ 41. Kb3 Rxg2 42. Be6 Bf8 43. Rg8 Rf2 44. Rxg5 a5 45. a3 b4 46.
Rxd5 bxa3 47. bxa3 Rf6 48. Re5 Bd6 49. Rb5+ Kc7 50. Bd5 Rf5 51. Rxa5 Kb6 52.
Ka4 Rf6 53. c4 Kc7 54. Kb5 Rf4 55. Ra7+ Kd8 56. Kc6 Bf8 57. Rd7+ Ke8 58. a4 Bb4
59. Rb7 Rf6+ 60. Kb5 Bc3 61. Bc6+ Kd8 62. a5 Bxa5 63. Kxa5 Rxc6 64. Kb5 Rd6 65.
Kc5 Rh6 66. d5 Kc8 67. Rg7 Rf6 68. d6 Rf8 69. Kc6 Rh8 70. c5 Rf8 71. Kb6 Rf6
72. c6 Rxd6 73. Rg8+ Rd8 74. Rxd8+ 1-0

[Event "DVM U16 2016"]
[Site "Neumarkt in der Oberpfalz GER"]
[Date "2016.12.27"]
[Round "1"]
[White "Neumann, Theodor"]
[Black "Laubrock, Paul"]
[Result "0-1"]
[Termination "normal"]
[Board "7.2"]
[WhiteElo "1739"]
[BlackElo "1931"]
[WhiteTeam "Gütersloher SV"]
[BlackTeam "Hagener SV"]
[PlyCount "160"]
[WhiteFideId "16200799"]
[BlackFideId "1270509"]
[EventCountry "GER"]
[EventRounds "7"]
[EventType "team-swiss"]
[EventDate "2016.12.26"]

1. d4 d5 2. c4 e6 3. cxd5 exd5 4. Nc3 f5 5. Bf4 c6 6. e3 Nf6 7. Bd3 Be6 8. Qc2
g6 9. Nge2 Bg7 10. O-O O-O 11. Rac1 Ne4 12. f3 Nd6 13. Na4 Qe7 14. Nc5 Bc8 15.
Kh1 Nd7 16. Nxd7 Qxd7 17. Qc5 Nf7 18. e4 dxe4 19. fxe4 fxe4 20. Bxe4 Re8 21.
Bf3 Qe7 22. b4 g5 23. Be5 Nxe5 24. dxe5 Qxe5 25. Bh5 Re7 26. Rcd1 Bd7 27. Bf7+
Kh8 28. Bc4 Qxc5 29. bxc5 Bg4 30. Rd2 Rae8 31. Ng3 Be5 32. Nf5 Bxf5 33. Rxf5
Bf4 34. Rf2 Re1+ 35. Bf1 R8e2 36. Rf3 Rxa2 37. g3 Re3 38. Rxe3 Bxe3 39. Re5 Rf2
40. Bd3 Bd4 41. Rxg5 h6 42. Rg4 Bxc5 43. Rg6 Be3 44. Re6 Bg5 45. Kg1 Rf8 46.
Kg2 Rd8 47. Bf5 a5 48. h4 Bd2 49. Re7 Rb8 50. Kf3 a4 51. Rd7 Bc3 52. Rh7+ Kg8
53. Rxh6 a3 54. Be6+ Kg7 55. Rh5 b5 56. Rc5 Rf8+ 57. Kg4 b4 58. Rxc6 Rf6 59.
Rc7+ Kh6 60. Bc4 Rg6+ 61. Kf5 Rxg3 62. Ra7 Rg7 63. Ra6+ Kh5 64. Ke4 Rd7 65.
Ra5+ Kxh4 66. Kf3 Rg7 67. Be6 Rg3+ 68. Ke4 Bd2 69. Ke5 Re3+ 70. Kf5 Kg3 71. Ra8
Bc1 72. Ra4 Rxe6 73. Kxe6 b3 74. Kd5 a2 75. Kc4 b2 76. Ra3+ Kf4 77. Kc3 a1=Q
78. Ra4+ Qxa4 79. Kd3 b1=Q+ 80. Ke2 Qac2+ 0-1

[Event "DVM U16 2016"]
[Site "Neumarkt in der Oberpfalz GER"]
[Date "2016.12.27"]
[Round "1"]
[White "Brunner, Sophia"]
[Black "Fortenbacher, Dominic"]
[Result "1-0"]
[Termination "normal"]
[Board "7.3"]
[WhiteElo "1619"]
[BlackElo "1579"]
[WhiteTeam "Hagener SV"]
[BlackTeam "Gütersloher SV"]
[PlyCount "117"]
[WhiteFideId "12960683"]
[BlackFideId "16200780"]
[EventCountry "GER"]
[EventRounds "7"]
[EventType "team-swiss"]
[EventDate "2016.12.26"]

1. Nf3 d5 2. d4 Nf6 3. Bf4 e6 4. e3 c6 5. Nbd2 Nbd7 6. c4 Nh5 7. Bg5 Qb6 8. Qb3
h6 9. Bh4 g5 10. Bg3 Nxg3 11. hxg3 Bg7 12. cxd5 exd5 13. Qc2 Nf6 14. Bd3 Be6
15. Nb3 Nd7 16. Bf5 O-O-O 17. Bxe6 fxe6 18. Qg6 Qb4+ 19. Nfd2 Qe7 20. O-O-O e5
21. dxe5 Qxe5 22. Qc2 Rdf8 23. Nf3 Qf6 24. Rd2 Nb6 25. Nbd4 Kb8 26. Kb1 Nc4 27.
Re2 c5 28. Nb5 Qb6 29. Qb3 a6 30. Nc3 Qxb3 31. axb3 Na3+ 32. bxa3 Bxc3 33. Kc2
d4 34. exd4 cxd4 35. Kd3 Rd8 36. Re4 Bb2 37. a4 Rd6 38. Nxg5 Rc8 39. Nf3 Rc3+
40. Kd2 d3 41. Rd1 Rxb3 42. Ke1 Bc3+ 43. Kf1 a5 44. Re3 Bb4 45. Ne5 Ra3 46. Nc4
Rxa4 47. Nxd6 Bxd6 48. Rexd3 Bc5 49. Rd5 Rc4 50. f4 a4 51. f5 a3 52. f6 b5 53.
f7 Be7 54. Rxb5+ Kc7 55. Rbd5 Bb4 56. Rd7+ Kc6 57. R7d6+ Bxd6 58. Rxd6+ Kxd6
59. f8=Q+ 1-0

[Event "DVM U16 2016"]
[Site "Neumarkt in der Oberpfalz GER"]
[Date "2016.12.27"]
[Round "1"]
[White "Qiu, Oliver"]
[Black "Scheidt, Mike Niklas"]
[Result "0-1"]
[Termination "normal"]
[Board "7.4"]
[WhiteElo "1661"]
[BlackElo "1580"]
[WhiteTeam "Gütersloher SV"]
[BlackTeam "Hagener SV"]
[PlyCount "112"]
[WhiteFideId "16200713"]
[BlackFideId "12965235"]
[EventCountry "GER"]
[EventRounds "7"]
[EventType "team-swiss"]
[EventDate "2016.12.26"]

1. e4 d5 2. exd5 Qxd5 3. Nc3 Qa5 4. d4 Nf6 5. Bd2 Nc6 6. Nb5 Qb6 7. c4 Nxd4 8.
Be3 e5 9. Bxd4 exd4 10. Qxd4 Bb4+ 11. Kd1 Bg4+ 12. Kc2 Qxd4 13. Nxd4 O-O-O 14.
Nb5 Rd2+ 15. Kb3 a5 16. f3 Bf5 17. a3 Bc2+ 18. Ka2 Bc5 19. Ne2 a4 20. Rc1 Rhd8
21. Nbc3 Nd7 22. Rxc2 Rxc2 23. Ne4 Rxc4 24. N2c3 Rd4 25. Bb5 Nb6 26. Nxc5 Rd2
27. g3 Rf2 28. N5e4 Rxf3 29. Be2 Re3 30. Bg4+ Kb8 31. Rd1 Rxd1 32. Bxd1 h6 33.
Nc5 Re1 34. N5xa4 Nxa4 35. Bxa4 g5 36. Nd5 c6 37. Nf6 Rh1 38. Ng4 h5 39. Nh6 f6
40. Ng8 f5 41. Nh6 f4 42. Nf5 Rxh2 43. Bd1 fxg3 44. Nxg3 h4 45. Ne4 Rg2 46. Nf6
h3 47. Ng4 h2 48. Nxh2 Rxh2 49. Bg4 Rg2 50. Bf3 Rg1 51. Be4 Kc7 52. Kb3 Kd6 53.
Bf5 Ke5 54. Bc8 b6 55. Bb7 Rc1 56. Bc8 Kf4 0-1

[Event "DVM U16 2016"]
[Site "Neumarkt in der Oberpfalz GER"]
[Date "2016.12.27"]
[Round "1"]
[White "Mühlpfordt, Thomas"]
[Black "Silber, Kevin"]
[Result "0-1"]
[Termination "normal"]
[Board "8.1"]
[WhiteElo "1828"]
[BlackElo "2053"]
[WhiteTeam "SC 1997 Lambsheim"]
[BlackTeam "Delmenhorster SK"]
[PlyCount "106"]
[WhiteFideId "12986623"]
[BlackFideId "12930440"]
[EventCountry "GER"]
[EventRounds "7"]
[EventType "team-swiss"]
[EventDate "2016.12.26"]

1. e4 e5 2. Nf3 Nc6 3. Bc4 Nf6 4. d3 Bc5 5. O-O d6 6. c3 a6 7. a4 Bg4 8. Re1 h6
9. Na3 Ba7 10. Nc2 O-O 11. Be3 Kh8 12. Bxa7 Nxa7 13. Ne3 Bh5 14. Nf5 c6 15. Ba2
Qd7 16. Ng3 Bg4 17. h3 Be6 18. d4 Bxa2 19. Rxa2 Qc7 20. b4 Rad8 21. Rd2 Nc8 22.
Qc2 Nb6 23. Qb3 Rfe8 24. a5 Nc8 25. dxe5 dxe5 26. Red1 Rxd2 27. Rxd2 Nd6 28.
Re2 c5 29. Qb1 Nb5 30. Re3 Rc8 31. Kh2 g6 32. Qb3 Kg7 33. Nf1 cxb4 34. cxb4 Nd4
35. Qb2 Nxf3+ 36. gxf3 Qc1 37. Qe2 Rc2 38. Qe1 Qxe1 39. Rxe1 Rxf2+ 40. Kg3 Rb2
41. Rc1 Nh5+ 42. Kh4 Nf4 43. Ne3 Rxb4 44. Rc5 Rb3 45. Ng4 Rxf3 46. Nxe5 Ng2+
47. Kg4 Re3 48. Nf3 h5+ 49. Kg3 Ne1 50. Kf2 Rxf3+ 51. Kxe1 Rxh3 52. e5 Rb3 53.
Kf2 Rb5 0-1

[Event "DVM U16 2016"]
[Site "Neumarkt in der Oberpfalz GER"]
[Date "2016.12.27"]
[Round "1"]
[White "Sinnhöfer, Jonas"]
[Black "Wacker, Andreas"]
[Result "1/2-1/2"]
[Termination "normal"]
[Board "8.2"]
[WhiteElo "1905"]
[BlackElo "1646"]
[WhiteTeam "Delmenhorster SK"]
[BlackTeam "SC 1997 Lambsheim"]
[PlyCount "60"]
[WhiteFideId "12982938"]
[BlackFideId "12953083"]
[EventCountry "GER"]
[EventRounds "7"]
[EventType "team-swiss"]
[EventDate "2016.12.26"]

1. e4 c6 2. d4 d5 3. e5 Bf5 4. Ne2 e6 5. Ng3 Bg6 6. h4 h6 7. h5 Bh7 8. Bd3 Bxd3
9. cxd3 Nd7 10. Be3 c5 11. Nd2 cxd4 12. Bxd4 Ne7 13. Nf3 Nc6 14. Bc3 Bb4 15.
Bxb4 Nxb4 16. a3 Nc6 17. d4 O-O 18. O-O Rc8 19. Rc1 Nb6 20. b3 Qe7 21. Ra1 Rc7
22. Qd2 Rfc8 23. Rfc1 Nd8 24. Rxc7 Qxc7 25. Ne1 Qc3 26. Qd1 Qc7 27. Ne2 Qe7 28.
Nf3 Nc6 29. Qd2 a6 30. Nf4 Nd7  1/2-1/2

[Event "DVM U16 2016"]
[Site "Neumarkt in der Oberpfalz GER"]
[Date "2016.12.27"]
[Round "1"]
[White "Dalchow, Jonas"]
[Black "Amler, Nick"]
[Result "1/2-1/2"]
[Termination "normal"]
[Board "8.3"]
[WhiteElo "1785"]
[BlackElo "1758"]
[WhiteTeam "SC 1997 Lambsheim"]
[BlackTeam "Delmenhorster SK"]
[PlyCount "72"]
[WhiteFideId "12971251"]
[BlackFideId "12930539"]
[EventCountry "GER"]
[EventRounds "7"]
[EventType "team-swiss"]
[EventDate "2016.12.26"]

1. e4 e5 2. Nf3 Nc6 3. Bc4 Bc5 4. c3 Nf6 5. d4 exd4 6. cxd4 Bb4+ 7. Nc3 Nxe4 8.
O-O Bxc3 9. d5 Bf6 10. Re1 O-O 11. Rxe4 Ne7 12. Bg5 Ng6 13. h4 d6 14. Bb5 Bf5
15. Rc4 a6 16. Bxf6 Qxf6 17. Bxa6 bxa6 18. Rxc7 Bg4 19. Qb3 Rab8 20. Qc3 Qxc3
21. Rxc3 Bxf3 22. Rxf3 Nxh4 23. Ra3 Rb6 24. Rc1 Rfb8 25. Rc6 Nf5 26. Rxa6 Rxb2
27. a4 g6 28. a5 Rd2 29. Rab6 Rxb6 30. axb6 Kg7 31. g4 Ne7 32. Rxd6 Rd4 33. f3
Rd2 34. Rd7 Ng8 35. g5 Rb2 36. b7 Nf6  1/2-1/2